000 00516nam a2200157 i 4500
001 30223
003 ES-MaACL
005 20230906154147.0
007 t|
008 030124s1964 sp ||||1| cat d
100 1 _aBassa y Armengol, Manuel.
_926301
245 1 4 _aEls Comtes-Reis catalans
_b: historia i heráldica de la Casa de Barcelona /
_cManuel Bassa y Armengol.
260 _aBarcelona :
_bMillá,
_c1964.
300 _a208 p., 65 lám. :
_b1 map. pleg., il. ;
_c25 cm.
852 _aES-MaACL
_jC-26335
_bR.55462
999 _c30223
_d30223